LEADER 01385nam 2200337Ia 450 001 996393853503316 005 20200824132744.0 035 $a(CKB)4940000000116257 035 $a(EEBO)2240887363 035 $a(OCoLC)ocm11928043e 035 $a(OCoLC)11928043 035 $a(EXLCZ)994940000000116257 100 $a19850416d1647 uy | 101 0 $aeng 135 $aurbn||||a|bb| 200 13$aAn exposition with practicall observations continued upon the eighth, ninth and tenth chapters of the book of Job$b[electronic resource] $ebeing the summe of thirty two lectures, delivered at Magnus neer the bridge, London /$fby Joseph Caryl .. 210 $aLondon $cPrinted by A. Miller, for Henry Overton ... and Luke Fawne ... and John Rothwell ... and Giles Calvert ...$d1647 215 $a[4], 587, [17] p 300 $aReproduction of original in the University of Illinois (Urbana-Champaign Campus). Library. 300 $aIndex: p. [2]-[12] 300 $a"A table of the Scriptures ..." p. [14-17] 300 $aErrata: p. 587. 330 $aeebo-0167 700 $aCaryl$b Joseph$f1602-1673.$01003625 801 0$bEAA 801 1$bEAA 801 2$bWaOLN 906 $aBOOK 912 $a996393853503316 996 $aAn exposition with practicall observations continued upon the eighth, ninth and tenth chapters of the book of Job$92369368 997 $aUNISA